Monografía histórico-arqueológica del Palacio de los Condestables de Castilla, más comúnmente conocido como la Casa del Cordón / (Record no. 39872)

MARC details
000 -LEADER
campo de control de longitud fija 00529nam a2200145 i 4500
001 - NÚMERO DE CONTROL
campo de control 39872
003 - IDENTIFICADOR DE NÚMERO DE CONTROL
campo de control ES-MaACL
007 - CAMPO FIJO DE DESCRIPCIÓN FÍSICA--INFORMACIÓN GENERAL
campo de control de longitud fija t|
008 - DATOS DE LONGITUD FIJA--INFORMACIÓN GENERAL
campo de control de longitud fija 030304s1884 sp ||||1| spa d
100 1# - ENTRADA PRINCIPAL--NOMBRE DE PERSONA
Nombre de persona Cantón Salazar, Leocadio.
9 (RLIN) 34682
245 10 - MENCIÓN DEL TÍTULO
Título Monografía histórico-arqueológica del Palacio de los Condestables de Castilla, más comúnmente conocido como la Casa del Cordón /
Mención de responsabilidad, etc. Leocadio Cantón Salazar.
260 ## - PUBLICACIÓN, DISTRIBUCIÓN, ETC.
Lugar de publicación, distribución, etc. Burgos :
Nombre del editor, distribuidor, etc. [s.n.,
Fecha de publicación, distribución, etc. 1884] (
Fabricante S. Rodríguez Alonso)
300 ## - DESCRIPCIÓN FÍSICA
Extensión LXXXIII p. ;
Dimensiones 24 cm.
852 ## - LOCALIZACIÓN
Ubicación ES-MaACL
Número de control de estantería B-3940
Holdings
Estatus retirado Estado de pérdida Estado de daño No para préstamo Colección Biblioteca de origen Biblioteca actual Ubicación en estantería Fecha de adquisición Fuente de adquisición Total de préstamos Signatura topográfica completa Código de barras Visto por última vez Precio de reemplazo Tipo de ítem Koha
        Libros del s. XIX Biblioteca del Ateneo de Madrid Biblioteca del Ateneo de Madrid Sala Pardo Bazán 17/01/2008     B-3940 1041985 23/02/2023 23/02/2023 Libro impreso antiguo